80 internationale Städte mit Anfangsbuchstabe K - Statistiken

Allgemein
  • Dieses Quiz wurde 67 mal gespielt
  • Das Durchschnittsergebnis liegt bei 35 aus 80
Antwortstatistiken
Einwohner Hinweis Antwort % Korrekt
10.500.000 Hauptstadt Ägyptens - Pyramiden und neues gigantisches Museum Kairo
100%
2.900.000 Hauptstadt der Ukraine - berühmt für goldene Kirchenkuppeln Kiew
98%
4.700.000 Südafrikas Metropole im Schatten des flachen Tafelbergs Kapstadt
96%
1.000.000 Domstadt am Rhein - Karneval und Effzeh Köln
96%
4.900.000 Hauptstadt und größte Stadt von Afghanistan am Hindukusch Kabul
93%
250.000 Nördlichste Großstadt Deutschlands - berühmte Segelregatta Kiel
93%
85.000 Größte Stadt am Bodensee - direkt an der Schweizer Grenze Konstanz
93%
670.000 Heimat der Kleinen Meerjungfrau und der Öresund-Brücke Kopenhagen
91%
2.000.000 Malaysias Hauptstadt mit den glänzenden Petronas Twin Towers Kuala Lumpur
89%
810.000 Bis 1596 Hauptstadt des Königreichs Polen Krakau
88%
110.000 Großstadt an Mündung der Mosel in den Rhein - Deutsches Eck Koblenz
86%
90.000 Jamaikas pulsierende Hauptstadt - Wiege der Reggae-Musik Kingston
84%
310.000 Haupt- und Residenzstadt des ehemaligen Landes Baden Karlsruhe
82%
850.000 Hauptstadt und kulturelles Zentrum von Nepal Kathmandu
82%
16.000.000 Hauptstadt der Demokratischen Republik Kongo Kinshasa
82%
6.500.000 Indiens kulturelles Zentrum in Westbengalen am Gangesdelta Kolkata (Kalkutta)
81%
100.000 Industrie- und Universitätsstadt am Rand des Pfälzerwalds Kaiserslautern
75%
1.500.000 Ehemalige Kaiserstadt Japans mit über tausend Tempeln Kyōto
75%
1.500.000 Japanische Hafenstadt, weltberühmt für ihr exklusives Rindfleisch Kōbe
74%
490.000 Geburtsort von Immanuel Kant - heute russische Exklave Kaliningrad
72%
19.000.000 Pakistans Hafenmetropole am Arabischen Meer - Stadt der Lichter Karatschi
72%
200.000 Stadt der documenta und Heimat der Brüder Grimm Kassel
72%
230.000 Linksrheinisch gelegene Großstadt am Niederrhein Krefeld
72%
3.000.000 Ölreiche Wüstenmetropole am Persischen Golf Kuwait Stadt
72%
70.000 Eine der ältesten Städte Deutschlands mitten im Allgäu Kempten (Allgäu)
68%
100.000 Österreichische Stadt am Wörthersee - Lindwurm-Wahrzeichen Klagenfurt
68%
500.000 Doppelstadt am Missouri - Jazz, Barbecue und die Chiefs Kansas City
67%
1.800.000 Ugandas Hauptstadt - erbaut auf ursprünglich sieben Hügeln Kampala
60%
1.700.000 Hauptstadt von Ruanda - gilt als die sauberste Stadt Afrikas Kigali
60%
2.000.000 Im Herzen Sudans fließen der Blaue und Weiße Nil zusammen Khartum
53%
1.300.000 Hauptstadt der Republik Tatarstan in Russland Kasan
46%
15.000 Hauptstadt des Inselstaates St. Vincent und die Grenadinen Kingstown
44%
310.000 Zweitgrößte Stadt Litauens am Zusammenfluss von Memel und Neris Kaunas
42%
40.000 Nachbarstadt von Straßburg auf deutscher Seite - Europabrücke Kehl
42%
50.000 Berühmter tschechischer Kurort mit zwölf Heilquellen Karlsbad
40%
280.000 Zentrum des polnischen Kohlebergbaus in Oberschlesien Kattowitz
40%
1.100.000 Südrussische Großstadt - Tor zum Kaukasus Krasnodar
39%
4.100.000 wirtschaftliche Zentrum im Norden Nigerias mit alten Lehmmauern Kano
37%
8.000 Mondäne Stadt in Tirol - weltbekannter Wintersportort Kitzbühel
37%
50.000 Stadt am Niederrhein - sagenumwobene Schwanenburg Kleve
35%
40.000 Hauptort der gleichnamigen griechischen Insel im Ionischen Meer Korfu Stadt
35%
65.000 Stadt liegt im rheinischen Braunkohlerevier - Kolpingstadt Kerpen
33%
120.000 Beliebtester Ferienort an der Südküste Norwegens Kristiansand
33%
20.000 „Perle Tirols“ am Inn mit einer mächtigen Festung Kufstein
33%
45.000 Ehemalige Reichstadt in Bayern - Tor ins Allgäu Kaufbeuren
30%
1.500.000 Japanische Industriestadt zwischen Tokio und Yokohama Kawasaki
30%
25.000 Südlichster Punkt der kontinentalen USA, nahe Kuba Key West
30%
170.000 Ehemals ostpreußische Stadt Memel - heute in Litauen Klaipėda
28%
70.000 Griechische Stadt - bekannt für den Export von Oliven Kalamata
26%
180.000 Stadt im Südosten Polens - bekannter Handballverein Kielce
26%
25.000 Niederösterreichische Stadt am Eingang zur Wachau Krems an der Donau
25%
2.900.000 Ghanas Gartenstadt - historisches Zentrum des Ashanti-Reiches Kumasi
25%
5.600.000 Chinas „Stadt des ewigen Frühlings“ mit mildem Klima Kunming
25%
510.000 Historische Handelsstadt im Süden Afghanistans Kandahar
23%
290.000 Deutscher Name der zweitgrößten rumänischen Stadt Klausenburg
21%
1.700.000 Türkische Pilgerstadt der tanzenden Derwische Konya
21%
1.400.000 Hauptstadt der gleichnamigen Provinz in Kappadokien (Türkei) Kayseri
19%
15.000 Schwedischer Bergbauort - großer Fundort von Seltenen Erden Kiruna
19%
20.000 Standort des größten Flughafen der Schweiz bei Zürich Kloten
18%
2.700.000 Drittgrößte Stadt Taiwans - Drachen- und Tiger-Pagoden Kaohsiung
16%
940.000 Japanische Großstadt - Präfektur Fukuoka auf der Insel Kyūshū Kitakyūshū
14%
190.000 US-Stadt in Tennessee - Tor zu den Great Smoky Mountains Knoxville
14%
80.000 Belgische Stadt in Westflandern - bekannt für ihre Broeltürme Kortrijk
14%
25.000 Mittelalterliche irische Stadt, berühmt für ihr rotes Bier Kilkenny
12%
20.000 Schweizer Nachbarstadt von K... am Bodensee Kreuzlingen
12%
1.600.000 Drittgrößte Stadt von D.R.Kongo - bis 1966 Stanleyville Kisangani
11%
250.000 Kanadische Stadt in Ontario, die bis 1916 Berlin hieß Kitchener
11%
360.000 Stadt in Afghanistan - Bundeswehr-Feldlager von 2003-2013 Kundus
11%
15.000 Schweizer Ort am Vierwaldstättersee - Schauplatz der Tell-Sage Küssnacht SZ
11%
20.000 Steirische Industriestadt mit großer Burg oberhalb der Mürz Kapfenberg
9%
150.000 Heilige Stadt Sri Lankas mit dem berühmten Zahntempel Kandy
7%
100.000 Diamantenstadt in der südafrikanischen Provinz Nordkap Kimberley
7%
20.000 Kulturhistorisch bedeutsame Stadt in Montenegro Kotor
7%
25.000 Standort des europäischen Weltraumbahnhofs Kourou
7%
510.000 Hauptstadt des malaysischen Bundesstaates Sarawak Kuching
7%
35.000 Schwedische Barockstadt und Marinestützpunkt auf 30 Inseln Karlskrona
4%
400.000 Kenianische Hafenstadt am Victoriasee Kisumu
4%
15.000 Hauptstadt der niederländischen ABC-Insel Bonaire Kralendijk
4%
40.000 Berühmter Badeort auf Bali - Terroranschlag 2002 Kuta
4%
40.000 Dänische Hafenstadt auf Seeland - mittelalterlicher Stadtkern Køge
2%
Keine übereinstimmenden Quizze gefunden
Verteilung der Resultate
Anzahl Personen mit jedem Resultat
Perzentil nach korrekt beantworteten Fragen
Ihre Resultats-Entwicklung
Sie haben dieses Quiz noch nicht gespielt